| 000 | 00511nam a2200145Ia 4500 | ||
|---|---|---|---|
| 008 | 140724s9999 xx 000 0 und d | ||
| 050 |
_aTS 155 _b.J11 2014 |
||
| 100 | _aJabola, Angelo S. | ||
| 245 |
_aWarehouse monitoring system for famous electrical and construction supply / _cAngelo S. Jabola. |
||
| 260 |
_aLas PiƱas, Philippines : _bSouthville International School and Colleges, _cc2014. |
||
| 300 |
_a70 p. : _bcol. Ill. ; _c28 cm. |
||
| 521 | _aInformation Technology | ||
| 942 | _cTH | ||
| 999 |
_c229333 _d229333 |
||